000 00286nam a22001337a 4500
008 180928b xxu||||| |||| 00| 0 eng d
020 _a0205081770
041 _aeng
080 _23 ED
_a159.9
100 _a68
101 _aPSI
245 _aPsychology
_cLester.A.L
942 _2udc
_cBK
999 _c48701
_d48701